000 00740nam a2200253Ia 4500
003 OSt
005 20221005083626.0
006 a|||||r|||| 00| 0
007 ta
008 221004b |||||||| |||| 00| 0 eng d
020 _c1050.00
024 _a69199
037 _b113, 03/02/1995, North India Publisher
_cTextual
040 _aCRL
_cCRL
_beng
041 _2eng
_aeng
082 _aX:(P111:4k)k, N4
100 _aWebber Allan
_9612698
245 0 _aDictionary of future and options
260 _aNew Delhi
_bVision Books India
_c1994
300 _a214p.
_ccm.
650 _aECONOMICS
942 _hX:(P111:4k)k, N4
_cTEXL
_2cc
999 _c991310
_d991310